| 000 | 00450nam a2200157 i 4500 | ||
|---|---|---|---|
| 001 | 84358 | ||
| 003 | ES-MaACL | ||
| 005 | 20230906175012.0 | ||
| 007 | t| | ||
| 008 | 041122s1966 sp ||||1| spa d | ||
| 100 | 1 |
_aJiménez España, Francisco Manuel. _966519 |
|
| 245 | 1 | 0 |
_aYo digo mi verso / _cFrancisco Manuel Jiménez España. |
| 260 |
_aMalaga : _b[s.n., _c1966] |
||
| 300 |
_a74 p., 4 lám. ; _c22 cm. |
||
| 852 |
_aES-MaACL _jC-28873 _bR.58319 |
||
| 999 |
_c84358 _d84358 |
||